Cocktails by Ingredients Quiz Stats

 Plays Quiz not verified by Sporcle

Score 0/25 Timer 10:00
0 Plays Today
Ingredients Cocktails % Correct
Vodka,Orange juiceScrewdriver
82.6%
Plymouth Gin,Extra Dry VermouthMartini
79.3%
Rum,Pineapple juice Cream of coconut or Milk,MalibuPina Colada
77.2%
Gold Tequila,Cointreau/Triple Sec,Lime juiceMargarita
77.2%
Cranberry Juice,Vodka,Cointreau/Triple Sec,Lime JuiceCosmopolitan
71.7%
White rum,Lime juice,Mint leaves and mint sprigs,Soda Water,Sugar or Gomme syrupMojito
70.7%
Gold Tequila,Orange juice,Grenadine syrupTequila Sunrise
63%
White Rum,Plymouth Gin,Vodka,Gold Tequila,Cointreau/Triple Sec,Lime juice,Gomme syrup,ColaLong Island Iced Tea
55.4%
White rum,cola,Lime juice Cuba Libre
55.4%
Vodka,Cranberry juice,Grapefruit juiceSeabreeze
54.3%
Whisky,Cream,Sugar,Instant coffeeIrish Coffee
52.2%
Vodka,Galliano,Orange juiceHarvey Wallbanger
48.9%
Drambuie,WhiskyRusty Nail
45.7%
Ingredients Cocktails % Correct
Baileys Irish Cream,Kahlua,Grand MarnierB-52
42.4%
Bourbon,Gomme syrup,Angostura Aromatic BittersOld Fashioned
38%
White rum,Lime juice,Sugar or Gomme SyrupDaiquiri
34.8%
Rum,Lime juice,Grand Marnier,Almond syrup,Gomme SyrupMai Tai
32.6%
White rum,Cream of coconut/Milk,Blue Curacao,Pineapple juiceBlue Hawaiian
31.5%
Plymouth Gin,Cherry Brandy,Soda Water,Lemon juice,Gomme syrupSingapore Sling
30.4%
Kirsch, Extra Dry Vermouth,Parfait AmourRose
13%
Blue curacao,Grenadine syrup,VodkaFourth Of July
8.7%
Plymouth Gin,Lemon juice,Gomme syrup,Orange juice,Grenadine syrupGin And Sin
5.4%
Sisca creme de cassis, Plymouth Gin,Lemon juice,Soda WaterGina
5.4%
Vodka,Blue curacao,Orange juiceGreen Eyes
3.3%
Martini Rosso (sweet),Bourbon,Angostura Aromatic BittersManhattan (sweet)
3.3%

You're not logged in!

Compare scores with friends on all Sporcle quizzes.
OR
Log In

Show Comments

Extras

Created Oct 17, 2010ReportNominate
Tags:cocktail, Ingredients

Top Quizzes Today


Score Distribution

Your Account Isn't Verified!

In order to create a playlist on Sporcle, you need to verify the email address you used during registration. Go to your Sporcle Settings to finish the process.

Report this User

Report this user for behavior that violates our Community Guidelines.

Details: